| 000 | 00987nam a2200205 i 4500 | ||
|---|---|---|---|
| 001 | 75466 | ||
| 003 | ES-MaACL | ||
| 007 | t| | ||
| 008 | 040924s1982 sp ||||1| spa d | ||
| 100 | 1 |
_aGrassé, Pierre Paul. _959698 |
|
| 245 | 1 | 0 |
_aManual de zoología / _cpor P.P. Grassé ; versión de Carlos Lastra López y Nuria Anadón Alvarez ; Gilberto Sánchez Jardón ; supervisión: Emilio Anadón. |
| 260 |
_a[Barcelona] : _bToray-Masson, _c1982. |
||
| 300 |
_a4 v. : _bil. ; _c21 cm. |
||
| 505 | 8 | _aContiene: T. I: Invertebrados. -- T. II: Vertebrados. -- T. III: Vertebrados. Reproducción, biología, evolución y sistemática. Agnatos, peces, anfibios y reptiles. T. IV: Invertebrados. Reproducción, biología, evolución y sistemática. Aves y mamíferos. | |
| 700 | 1 |
_aLastra López, Carlos. _970501 |
|
| 700 | 1 |
_aSánchez Jardón, Gilberto. _9102711 |
|
| 700 | 1 |
_aAnadón Alvarez, Nuria. _921367 |
|
| 700 | 1 |
_aAnadón, Emilio. _921366 |
|
| 852 |
_aES-MaACL _jL-83003-3 _bR.103394 |
||
| 999 |
_c75466 _d75466 |
||